01122pam a2200313 a 4500001001000000003000400010005001700014008004100031020002500072020002200097020002500119020002200144040004000166082002200206100002900228245006200257260007800319300002100397500002400418504003100442650003500473650003100508650003800539653002500577655002400602942002200626999001700648952014300665013660604OSt20201128021210.0070131s2007 xxk frb 001 0 eng d a9780335217267 (hbk.) a0335217265 (hbk.) a9780335217250 (pbk.) a0335217257 (pbk.) aStDuBDSbengcStDuBDSdUkdEG-ScBUE00a303.4834222bCAV1 aCavanagh, Allison93739210aSociology in the age of the Internet /cAllison Cavanagh. aMaidenhead, United Kingdom :bMcGraw Hill / Open University Press,c2007. a179 p. ;c24 cm. aIndex : p. 174-179. aBibliography : p. 164-173. 0aInternetxSocial aspects91056 0aInformation society937393 0aComputers and civilization934985 bCOMAMEcFebruary2015 vreading book934232 2ddck303.4834 CAV c18969d18941 00102ddc40708BaccahaMAINbMAINc1STd2015-02-12epurchaseg185.00h21291l0o303.4834 CAVp000037398r2025-07-15 00:00:00v231.00yBB